[Event "Le Port Marly Paribas blitz op"]
[Site "Le Port Marly"]
[Date "2014.??.??"]
[Round "1"]
[White "Le Menelec, Alan Long"]
[Black "Ider, Borya"]
[Result "0-1"]
[WhiteElo "1618"]
[BlackElo "2379"]
[PlyCount "45"]
[EventDate "2014.06.14"]
[EventType "swiss (blitz)"]
[EventRounds "15"]
[EventCountry "FRA"]
[SourceTitle "EXT 2015"]
[Source "ChessBase"]
[SourceDate "2014.11.20"]
[SourceVersion "1"]
[SourceVersionDate "2014.11.20"]
[SourceQuality "1"]

1. e4 e6 2. d4 d5 3. exd5 exd5 4. Bd3 Nc6 5. c3 Bd6 6. Qf3 Be6 7. Ne2 Qd7 8. h3 0-0-0 9. Nd2 Nge7 10. Nf1 Ng6 11. Nf4 Rde8 12. Nxe6 Qxe6+ 13. Be3 Nh4 14. Qg4 Qxg4 15. hxg4 Nxg2+ 16. Kd2 g6 17. Ng3 Nxe3 18. fxe3 Bxg3 19. Rhf1 Re7 20. Rf3 Bd6 21. Raf1 Nd8 22. g5 h5 23. Ra1 0-1